000 00666nam a2200181Ia 4500
008 100920s9999 xx 000 0 und d
082 _b80963
_a520 न 01
100 _aनगर्सेकर अमिता.
245 _aऋतुचर्चा आणि आपले आरोग्य.
260 _bमनोरमा प्रकाशन, मुंबई 14.
_c2001
300 _a112
_bसाधी
365 _b40
520 _aशाअ.
630 _aऋतुचर्चा आणि आपले आरोग्य.
650 _aशाअ.
730 _aऋतुचर्चा आणि आपले आरोग्य.
942 _cBOOK
999 _c721813
_d721810